Je n'ai pas joué dans cette franchise NBA - Statistiques

Statistiques générales
  • Ce quiz a été pris 62 fois
  • Le résultat moyen est 9 sur 30
Statistiques - réponses
Question Réponse % Correct
New Orleans Pelicans - New Orleans Hornets Evan Fournier
78%
Phoenix Suns D'Angelo Russell
56%
Orlando Magic DeAndre Jordan
56%
Portland Trail Blazers Dorian Finney-Smith
49%
Charlotte Hornets Victor Oladipo
44%
Boston Celtics Jeremy Lin
41%
Washington Wizards Kyle Anderson
41%
Philadelphia 76ers Lamar Odom
39%
Toronto Raptors Tyson Chandler
39%
Indiana Pacers Dario Saric
37%
Milwaukee Bucks Alex Antetokounmpo
34%
Golden State Warriors Al-Farouq Aminu
34%
Dallas Mavericks Mason Plumlee
34%
Cleveland Cavaliers Herbert Jones
32%
Oklahoma City Thunder - Seattle Supersonics Marcus Camby
32%
New York Knicks Zaza Pachulia
32%
Denver Nuggets Delonte West
29%
Detroit Pistons Andrew Bogut
27%
Los Angeles Lakers Andrey Kirilenko
27%
Sacramento Kings George Niang
27%
Miami Heat Robert Horry
27%
Brooklyn Nets - New Jersey Nets Toni Kukoc
27%
Atlanta Hawks Nick Van Exel
22%
Memphis Grizzlies TJ McConnell
22%
Chicago Bulls Wesley Matthews
22%
Utah Jazz Patrick McCaw
15%
Houston Rockets Raja Bell
10%
Minnesota Timberwolves Beno Udrih
7%
Los Angeles Clippers Ben Gordon
5%
San Antonio Spurs Robert Covington
5%
Aucun quiz correspondant
Distribution des résultats
% des personnes avec chaque résultat
Percentile par nombre de réponses
Votre historique - résultats
Vous n’avez pas pris ce quiz